[Event "Pancevo Gligoric Memorial"]
[Site "Pancevo"]
[Date "2021.06.20"]
[Round "6"]
[White "Petrovic, Aleksa"]
[Black "Milanovic, Marko"]
[Result "1/2-1/2"]
[WhiteElo "2158"]
[BlackElo "2241"]
[PlyCount "110"]
[EventDate "2021.06.17"]
[EventType "tourn"]
[EventRounds "9"]
[EventCountry "SRB"]
[EventCategory "2"]
[SourceTitle "CBM 203 Extra"]
[Source "ChessBase"]
[SourceDate "2021.09.30"]
[SourceVersion "1"]
[SourceVersionDate "2021.09.30"]
[SourceQuality "1"]

1. Nf3 d5 2. d4 Nf6 3. c4 e6 4. e3 c6 5. Nc3 Nbd7 6. Qc2 Bd6 7. g4 h6 8. Rg1 e5 9. dxe5 Nxe5 10. Nxe5 Bxe5 11. g5 hxg5 12. cxd5 cxd5 13. Rxg5 Ng4 14. Qa4+ Bd7 15. Bb5 Qxg5 16. Bxd7+ Kf8 17. Qxg4 Qxg4 18. Bxg4 d4 19. exd4 Bxd4 20. Bf4 Re8+ 21. Kf1 Be5 22. Be3 Rxh2 23. Kg1 Rh8 24. Rd1 b6 25. a4 g6 26. Be2 f5 27. Bb5 Re7 28. Ne2 Kg7 29. b3 Rh4 30. Nd4 Kf6 31. Nf3 Rg4+ 32. Kf1 Bc3 33. Bg5+ Rxg5 34. Rd6+ Re6 35. Rxe6+ Kxe6 36. Nxg5+ Kf6 37. Nf3 g5 38. Ke2 g4 39. Kd3 Bb4 40. Nd4 Bc5 41. Bd7 Ke5 42. Nxf5 Bxf2 43. Ne3 g3 44. Bh3 Kf4 45. Nd5+ Kf3 46. Nc7 g2 47. Bxg2+ Kxg2 48. b4 a5 49. Kc4 Kf3 50. bxa5 bxa5 51. Kb5 Be1 52. Nd5 Ke4 53. Nb6 Kd4 54. Nc4 Kd5 55. Nxa5 Bxa5 1/2-1/2